000
00289nam a2200121Ia 4500
008
190905s9999||||xx |||||||||||||| ||und||
020
_a
13:978-81-8473-305-1
100
_a
Ron W.Dudek
245
0
_a
BRS Genetics
260
_a
New York
_b
Wolter Kluwer
_c
2015
300
_a
239
942
_c
BK
999
_c
5868
_d
5868